header

The nonprofits' guide to Internet communications law (Record no. 64882)

MARC details
000 -LEADER
fixed length control field 01342nam a22003254a 4500
082 04 - DEWEY DECIMAL CLASSIFICATION NUMBER
Classification number 343.7309/944
100 1# - MAIN ENTRY--AUTHOR NAME
Personal name Hopkins, Bruce R.
245 14 - TITLE STATEMENT
Title The nonprofits' guide to Internet communications law
260 ## - PUBLICATION, DISTRIBUTION, ETC. (IMPRINT)
Place of publication Hoboken, N.J. :
Name of publisher J. Wiley & Sons,
Year of publication c2003.
300 ## - PHYSICAL DESCRIPTION
Number of Pages xx, 332 p.
650 #0 - SUBJECT ADDED ENTRY--TOPICAL TERM
Topical Term Nonprofit organizations
Topical Term Internet
Topical Term Electronic fund raising
856 40 - ELECTRONIC LOCATION AND ACCESS
Uniform Resource Identifier http://site.ebrary.com/lib/rucke/Doc?id=10299311

No items available.

© 2026 Rongo University
Contact us: librarian | system librarian | Rongo university